| 000 | 00654nam a2200229Ia 4500 | ||
|---|---|---|---|
| 003 | OSt | ||
| 005 | 20221007064230.0 | ||
| 006 | a|||||r|||| 00| 0 | ||
| 007 | ta | ||
| 008 | 221006b |||||||| |||| 00| 0 eng d | ||
| 024 | _a27,422 | ||
| 037 | _cTextual | ||
| 040 |
_aFLL _cFLL _beng |
||
| 041 |
_2eng _aeng |
||
| 082 | _aZ58bN17, J3 | ||
| 100 |
_aKucherov Samuel Ed. _9685520 |
||
| 245 | 0 | _aCourts, lawyers and trials under the last three tsars | |
| 260 |
_aConnecticut _bGreenwood Press, Connecticut _c1953 |
||
| 300 |
_aix,1-339p _ccm. |
||
| 942 |
_hZ58bN17, J3 _cTEXL _2CC |
||
| 999 |
_c1133340 _d1133340 |
||